Acides Aminés polarit - Statistiques

Statistiques générales
  • Ce quiz a été pris 122 fois
  • Le résultat moyen est 28 sur 38
Statistiques - réponses
Question Tuile Select % Correct
Acides Aminés Non Polaires glutamate Non
96%
Acides Aminés Non Polaires patate Non
96%
Acides Aminés Non Polaires aspartate Non
94%
Acides Aminés Non Polaires asparagine Non
92%
Acides Aminés Non Polaires arginine Non
90%
Acides Aminés Non Polaires lysine Non
89%
Acides Aminés Non Polaires glutamine Non
87%
Acides Aminés Non Polaires sérine Non
87%
Acides Aminés Non Polaires thréonine Non
87%
Acides Aminés Non Polaires tyrosine Non
85%
Acides Aminés Non Polaires alanine Oui
83%
Acides Aminés Non Polaires cystéine Non
80%
Acides Aminés Non Polaires isoleucine Oui
80%
Acides Aminés Non Polaires valine Oui
80%
Acides Aminés Polaires non-chargés leucine Non
77%
Acides Aminés Polaires non-chargés phénylalanine Non
77%
Acides Aminés Non Polaires glycine Oui
75%
Acides Aminés Non Polaires leucine Oui
75%
Acides Aminés Polaires non-chargés lysine Non
73%
Acides Aminés Polaires Chargés Sérine Non
73%
Acides Aminés Polaires Chargés Glutamine Non
72%
Acides Aminés Polaires Chargés Tyrosine Non
72%
Acides Aminés Polaires Chargés Aspartate Oui
68%
Acides Aminés Polaires Chargés Méthionine Non
66%
Acides Aminés Polaires non-chargés thréonine Oui
65%
Acides Aminés Polaires Chargés Glutamate Oui
63%
Acides Aminés Non Polaires phénylalanine Oui
63%
Acides Aminés Polaires Chargés Histidine Oui
62%
Acides Aminés Non Polaires méthionine Oui
62%
Acides Aminés Non Polaires proline Oui
62%
Acides Aminés Polaires non-chargés asparagine Oui
61%
Acides Aminés Polaires non-chargés sérine Oui
59%
Acides Aminés Polaires Chargés Lysine Oui
58%
Acides Aminés Polaires Chargés Arginine Oui
56%
Acides Aminés Polaires non-chargés Glutamine Oui
55%
Acides Aminés Polaires non-chargés cystéine Oui
54%
Acides Aminés Polaires non-chargés tyrosine Oui
52%
Acides Aminés Non Polaires tryptophane Oui
49%
Aucun quiz correspondant
Distribution des résultats
% des personnes avec chaque résultat
Percentile par nombre de réponses
Votre historique - résultats
Vous n’avez pas pris ce quiz